NBA Most Rebounds in a Game - Statistics

General Stats
  • This quiz has been taken 17 times
  • The average score is 3 of 6
Answer Stats
Rebounds Player % Correct
55 Wilt Chamberlain
100%
51 Bill Russell
87%
42 Nate Thurmond
33%
40 Jerry Lucas
20%
39 Neil Johnston
13%
38 Maurice Stokes
7%
No matching quizzes found
Score Distribution
Percent of People with Each Score
Percentile by Number Answered
Your Score History
You have not taken this quiz